[Event "FIDE GP"]
[Site "Astrakhan RUS"]
[Date "2010.05.11"]
[Round "2"]
[White "Svidler,P"]
[Black "Ponomariov,R"]
[Result "0-1"]
[WhiteElo "2735"]
[BlackElo "2733"]
[EventDate "2010.05.10"]

1. e4 e5 2. Nf3 Nc6 3. Bb5 Nf6 4. O-O Nxe4 5. d4 Nd6 6. Bxc6 dxc6 7. dxe5
Nf5 8. Qxd8+ Kxd8 9. Nc3 h6 10. h3 Bd7 11. b3 c5 12. Rd1 Kc8 13. a4 a5 14.
Nd5 g5 15. Bb2 Be6 16. c4 b6 17. Kh2 Ne7 18. g4 Ng6 19. Kg3 Be7 20. Nf6 Kb7
21. Nh5 Rhg8 22. Ng1 Rad8 23. Ne2 Bd7 24. Rd2 Bxa4 25. Rxd8 Rxd8 0-1

[Event "FIDE GP"]
[Site "Astrakhan RUS"]
[Date "2010.05.12"]
[Round "3"]
[White "Akopian,Vl"]
[Black "Svidler,P"]
[Result "1/2-1/2"]
[WhiteElo "2694"]
[BlackElo "2735"]
[EventDate "2010.05.10"]

1. Nf3 Nf6 2. c4 g6 3. Nc3 d5 4. cxd5 Nxd5 5. g3 Bg7 6. Bg2 O-O 7. O-O c5
8. Qb3 Nb6 9. d3 Nc6 10. Qb5 Nd7 11. Be3 a6 12. Qa4 Rb8 13. Rac1 Nd4 14.
Bxd4 cxd4 15. Ne4 Nb6 16. Qa3 Nd5 17. Qb3 a5 18. Rc5 Nb4 19. a3 Be6 20. Qa4
Bd7 21. Qb3 Be6 22. Qa4 Bd7 23. Qb3 1/2-1/2

[Event "FIDE GP"]
[Site "Astrakhan RUS"]
[Date "2010.05.12"]
[Round "3"]
[White "Alekseev,Evgeny"]
[Black "Ivanchuk,V"]
[Result "1/2-1/2"]
[WhiteElo "2700"]
[BlackElo "2741"]
[EventDate "2010.05.10"]

1. e4 e5 2. Nf3 Nf6 3. Nxe5 d6 4. Nf3 Nxe4 5. Nc3 Nxc3 6. dxc3 Be7 7. Be3
Nc6 8. Qd2 Be6 9. O-O-O Qd7 10. Kb1 a6 11. Ng5 Bf5 12. Bc4 h6 13. Nf3 Be6
14. Be2 Bf6 15. Nd4 Nxd4 16. Bxd4 Bxd4 17. Qxd4 O-O 18. Bf3 Rae8 19. h4 b6
20. b3 Qb5 21. Kb2 Qc5 22. Rhe1 a5 23. Qxc5 dxc5 24. c4 Rd8 25. Bd5 Bxd5
26. cxd5 Rd6 27. Kc3 Ra8 28. a4 Kf8 29. Kc4 Re8 30. g3 Re7 31. Kb5 Ke8 32.
c4 Rf6 33. f4 Rxe1 34. Rxe1+ Kd7 35. Re5 Rg6 36. Re3 h5 37. Ka6 Rf6 38. Re5
g6 39. Kb7 Kd8 40. Re3 Kd7 41. Re5 Kd8 42. Re3 Kd7 43. Re5 1/2-1/2

[Event "FIDE GP"]
[Site "Astrakhan RUS"]
[Date "2010.05.12"]
[Round "3"]
[White "Gashimov,V"]
[Black "Gelfand,B"]
[Result "1/2-1/2"]
[WhiteElo "2734"]
[BlackElo "2741"]
[EventDate "2010.05.10"]

1. e4 e5 2. Nf3 Nf6 3. Nxe5 d6 4. Nf3 Nxe4 5. Nc3 Nxc3 6. dxc3 Be7 7. Be3
O-O 8. Qd2 Nd7 9. O-O-O Ne5 10. h4 c6 11. c4 Be6 12. Ng5 Nxc4 13. Qd3 Bxg5
14. hxg5 g6 15. Bf4 Qb6 16. Qd4 Qxd4 17. Rxd4 d5 18. Bxc4 dxc4 19. Be5 f5
20. gxf6 Rae8 21. Rh6 c3 22. Rxh7 cxb2+ 23. Kxb2 Kxh7 24. Rh4+ Kg8 25. f7+
Kxf7 26. Rh7+ Kg8 27. Rh8+ Kf7 28. Rh7+ Kg8 29. Rh8+ 1/2-1/2

[Event "FIDE GP"]
[Site "Astrakhan RUS"]
[Date "2010.05.13"]
[Round "4"]
[White "Eljanov,P"]
[Black "Gashimov,V"]
[Result "1/2-1/2"]
[WhiteElo "2751"]
[BlackElo "2734"]
[EventDate "2010.05.10"]

1. d4 Nf6 2. c4 c5 3. d5 e6 4. Nc3 exd5 5. cxd5 d6 6. Nf3 g6 7. Bf4 a6 8.
a4 Bg7 9. h3 O-O 10. e3 Re8 11. Nd2 Nbd7 12. Be2 Ne5 13. O-O Nfd7 14. Qc2
f5 15. Bg3 b6 16. b3 Nf6 17. Nc4 Nf7 18. Rab1 Bb7 19. b4 cxb4 20. Rxb4 Rc8
21. Rd1 a5 22. Rxb6 Rxc4 23. Rxb7 Rc5 24. Qd2 Nh5 25. Bxh5 Bxc3 26. Qd3
gxh5 27. Qxf5 Qf6 28. Qxh5 Qg6 29. Qxg6+ hxg6 30. Rd7 Be5 31. Bxe5 Rxe5 32.
Rb1 Rcxd5 33. Rbb7 Rd1+ 34. Kh2 Rf5 35. f4 Rd2 36. h4 Ra2 37. Ra7 Rb2 38.
Re7 Kg7 39. Kh3 Rb3 40. g3 Kf8 41. Re6 Kg7 42. Kg2 Rf6 43. Re8 d5 44. Re5
Kg8 45. Ra8+ Kg7 46. Re7 Ra3 47. Rxa5 Kf8 48. Rd7 Rxe3 49. Raxd5 Rc6 50.
Rd3 Rc3 51. Rxe3 Rxe3 52. Rd5 Ra3 53. a5 Nh6 54. Rg5 Kf7 55. h5 gxh5 56.
Rxh5 Kg6 57. Rg5+ Kf6 58. g4 Nxg4 59. Rxg4 Rxa5 60. Rg5 Rxg5+ 61. fxg5+
1/2-1/2

[Event "FIDE GP"]
[Site "Astrakhan RUS"]
[Date "2010.05.14"]
[Round "5"]
[White "Gashimov,V"]
[Black "Akopian,Vl"]
[Result "1/2-1/2"]
[WhiteElo "2734"]
[BlackElo "2694"]
[EventDate "2010.05.10"]

1. e4 e5 2. Nf3 Nc6 3. Bb5 a6 4. Ba4 Nf6 5. O-O Be7 6. Re1 b5 7. Bb3 d6 8.
c3 O-O 9. h3 Na5 10. Bc2 c5 11. d4 Qc7 12. Nbd2 cxd4 13. cxd4 Nc6 14. a3
exd4 15. Nb3 Bb7 16. Nbxd4 Nxd4 17. Nxd4 Rfe8 18. Bf4 Bf8 19. f3 Nh5 20.
Bh2 g6 21. Bb3 Bg7 22. Kh1 Be5 23. Rc1 Qb6 24. Ne2 d5 25. Bxd5 Bxh2 26.
Kxh2 Rad8 27. Nc3 Bxd5 28. Nxd5 Qb8+ 29. Kh1 Ng3+ 30. Kg1 Qa7+ 31. Kh2 Qb8
32. Kg1 Qa7+ 33. Kh2 1/2-1/2

[Event "FIDE GP"]
[Site "Astrakhan RUS"]
[Date "2010.05.16"]
[Round "6"]
[White "Eljanov,P"]
[Black "Alekseev,Evgeny"]
[Result "0-1"]
[WhiteElo "2751"]
[BlackElo "2700"]
[EventDate "2010.05.10"]

1. d4 Nf6 2. c4 e6 3. Nf3 b6 4. g3 Bb7 5. Bg2 Be7 6. O-O O-O 7. Re1 Qc8 8.
Nc3 Ne4 9. Bd2 f5 10. d5 Na6 11. Nd4 Bf6 12. e3 Nd6 13. b3 c6 14. Rc1 Qe8
15. Qc2 Rc8 16. Qb1 Qf7 17. Rcd1 Rfd8 18. Bc1 Nc5 19. Ba3 Nce4 20. dxe6
dxe6 21. Nxe4 Nxe4 22. Bxe4 fxe4 23. c5 Rd5 24. Qxe4 bxc5 25. Ne2 Rcd8 26.
Rc1 Rd2 27. Rc2 Ba6 28. Rxd2 Rxd2 29. Nf4 e5 30. Bc1 Rxa2 31. Qb1 Ra5 32.
Ne2 Rb5 33. Qa1 Bc8 34. Nc3 Rxb3 35. Ne4 Bh3 36. Nxf6+ gxf6 37. Qa4 c4 38.
Qxc6 Kg7 39. Qe4 Qb7 40. Qxb7+ Rxb7 41. f3 Be6 42. e4 c3 43. Kf2 a5 44. Re2
Rb8 45. Ke3 Bb3 46. Kd3 Rc8 47. Re3 a4 48. f4 Kf7 49. fxe5 fxe5 50. g4 Kg7
51. Rf3 c2 52. Kd2 Rc4 53. Re3 Rd4+ 54. Kc3 Kf6 55. Kb2 Ke6 56. g5 Kf7 57.
h4 Kg6 58. Rf3 Kh5 59. Rf6 Kxh4 60. Rh6+ Kg4 61. Rxh7 Rxe4 62. Rh6 Re1 63.
g6 Kf5 64. g7 Rg1 65. Rh7 Kf6 0-1

[Event "FIDE GP"]
[Site "Astrakhan RUS"]
[Date "2010.05.17"]
[Round "7"]
[White "Leko,P"]
[Black "Ivanchuk,V"]
[Result "1/2-1/2"]
[WhiteElo "2735"]
[BlackElo "2741"]
[EventDate "2010.05.10"]

1. e4 e5 2. Nf3 Nc6 3. Bb5 Nge7 4. O-O Ng6 5. c3 a6 6. Ba4 d6 7. d4 Bd7 8.
d5 Nb8 9. c4 Be7 10. Nc3 h6 11. g3 O-O 12. Bxd7 Qxd7 13. Kg2 f5 14. exf5
Qxf5 15. Nd2 Bg5 16. Nde4 Bxc1 17. Rxc1 Nd7 18. h3 Ne7 19. Qg4 Rad8 20.
Rfd1 Qf7 21. Qe6 Nf6 22. Qxf7+ Rxf7 23. Rd3 Kh7 24. h4 Neg8 25. c5 Nxe4 26.
Nxe4 Nf6 27. Nxf6+ Rxf6 28. Rb3 dxc5 29. Rxc5 Rb6 30. Rxc7 Rxb3 31. axb3
Rxd5 32. Rxb7 Rd2 33. Kf3 Rxb2 34. h5 a5 35. Rb5 Ra2 36. Rxe5 Ra3 37. Re3
a4 38. bxa4 Rxa4 39. g4 Kg8 40. Re4 Ra5 41. Kf4 Kf7 42. Re5 Ra6 43. Rf5+
Kg8 44. f3 Ra4+ 45. Kg3 Ra3 46. Rd5 Ra4 47. Kf2 Ra3 48. Ke2 Kf7 49. Rd3
Ra2+ 50. Ke3 Ra4 51. Rd4 Ra5 52. Rb4 Re5+ 53. Kf4 Ra5 54. Ke4 Rc5 55. Kd4
Ra5 56. Rc4 Ra3 57. Rc3 Ra4+ 58. Kd5 Ra5+ 59. Rc5 Ra3 60. Ke4 Ra7 61. Kf5
Rb7 62. f4 Ra7 63. Rd5 Rb7 64. g5 hxg5 65. fxg5 g6+ 66. hxg6+ Kg7 67. Ke4
1/2-1/2

[Event "FIDE GP"]
[Site "Astrakhan RUS"]
[Date "2010.05.17"]
[Round "7"]
[White "Alekseev,Evgeny"]
[Black "Akopian,Vl"]
[Result "1-0"]
[WhiteElo "2700"]
[BlackElo "2694"]
[EventDate "2010.05.10"]

1. e4 e5 2. Nf3 Nc6 3. Bb5 a6 4. Ba4 Nf6 5. O-O Be7 6. Re1 b5 7. Bb3 d6 8.
c3 O-O 9. h3 Na5 10. Bc2 c5 11. d4 Qc7 12. d5 Bd7 13. b3 Nb7 14. Nbd2 g6
15. Nf1 Nh5 16. Bh6 Ng7 17. g4 f6 18. Ng3 Nd8 19. Kh2 Nf7 20. Be3 c4 21.
Qd2 Ng5 22. Nxg5 fxg5 23. bxc4 Qxc4 24. Bb3 Qc8 25. c4 bxc4 26. Rec1 h5 27.
Bxc4 Qe8 28. Be2 Rf4 29. f3 hxg4 30. hxg4 Nh5 31. gxh5 gxh5 32. Bxf4 exf4
33. Nf5 Bxf5 34. exf5 Bf6 35. Rab1 g4 36. Rb7 Qe5 37. Qd3 Re8 38. Qe4 Qxe4
39. fxe4 Kf8 40. Kg2 1-0

[Event "FIDE GP"]
[Site "Astrakhan RUS"]
[Date "2010.05.17"]
[Round "7"]
[White "Gashimov,V"]
[Black "Svidler,P"]
[Result "1/2-1/2"]
[WhiteElo "2734"]
[BlackElo "2735"]
[EventDate "2010.05.10"]

1. e4 e5 2. Nf3 Nc6 3. Bb5 a6 4. Ba4 Nf6 5. O-O Be7 6. Re1 b5 7. Bb3 O-O 8.
h3 d6 9. c3 Nb8 10. d4 Nbd7 11. Nbd2 Bb7 12. Bc2 Re8 13. Nf1 Bf8 14. Bg5 h6
15. Bh4 g6 16. N1h2 Bg7 17. dxe5 dxe5 18. Ng4 Qe7 19. Qd2 g5 20. Nxf6+ Nxf6
21. Bg3 Nh5 22. a4 c5 23. Nh2 c4 24. Nf1 Nf4 25. axb5 axb5 26. Rxa8 Rxa8
27. Rd1 Bf6 28. Ne3 Rd8 29. Nf5 Qf8 30. Qe1 Bc8 31. Rxd8 Bxd8 32. Bxf4 gxf4
33. Qd1 Bxf5 34. exf5 Bf6 35. Be4 Qc5 36. Kf1 Kf8 37. Qd5 Qxd5 38. Bxd5 Be7
39. Ke2 Kg7 40. Kf3 Kf6 41. Ke4 Bc5 42. Bc6 b4 43. f3 bxc3 44. bxc3 Bf2 45.
Kd5 Kxf5 46. Kxc4 Ke6 47. Bd5+ Ke7 48. Kb5 f6 49. Kc6 h5 50. c4 h4 51. Bg8
Be3 52. Kd5 Bf2 53. c5 Kd7 54. Be6+ Kc7 55. Bf5 Be3 56. c6 Bf2 57. Be4 Be1
58. Ke6 Bf2 59. Kxf6 Kd6 60. Kf5 Bg3 61. c7 Kxc7 62. Kxe5 1/2-1/2

[Event "FIDE GP"]
[Site "Astrakhan RUS"]
[Date "2010.05.18"]
[Round "8"]
[White "Svidler,P"]
[Black "Ivanchuk,V"]
[Result "1/2-1/2"]
[WhiteElo "2735"]
[BlackElo "2741"]
[EventDate "2010.05.10"]

1. e4 e5 2. Nf3 Nf6 3. Nxe5 d6 4. Nf3 Nxe4 5. d4 d5 6. Bd3 Nc6 7. O-O Be7
8. Nc3 Bf5 9. Re1 Nxc3 10. bxc3 Bxd3 11. Qxd3 O-O 12. Rb1 Na5 13. h4 b6 14.
h5 Nc4 15. Qf5 c6 16. Qg4 f5 17. Qg3 Qd7 18. Bh6 Bd6 19. Ne5 Qc7 20. Bf4
Rae8 21. h6 Bxe5 22. Bxe5 Nxe5 23. Rxe5 Rxe5 24. dxe5 f4 25. Qg5 g6 26. e6
Rf5 27. Qh4 Kf8 28. Re1 Ke8 29. c4 Qe7 30. Qh3 Qb4 31. Rd1 Rh5 32. Qf3 Qxc4
33. Qa3 Qe2 34. Rb1 Qxe6 35. Qxa7 f3 36. Qxb6 fxg2 37. Qb8+ Ke7 38. Rb7+
Kf6 39. Qf4+ Rf5 40. Qh4+ g5 41. Qd4+ Kg6 42. Qg7+ Kh5 43. Re7 Qd6 44. Rf7
Qf4 45. Rxf5 Qxf5 46. Qc3 Qg4 47. Qg3 Qd1+ 48. Kxg2 Qxc2 49. Qh3+ Kg6 50.
Qe6+ Kh5 51. Qh3+ 1/2-1/2

[Event "FIDE GP"]
[Site "Astrakhan RUS"]
[Date "2010.05.18"]
[Round "8"]
[White "Eljanov,P"]
[Black "Ponomariov,R"]
[Result "0-1"]
[WhiteElo "2751"]
[BlackElo "2733"]
[EventDate "2010.05.10"]

1. d4 Nf6 2. c4 e6 3. g3 d5 4. Bg2 Bb4+ 5. Bd2 Bd6 6. Nf3 c6 7. O-O Nbd7 8.
Qc2 O-O 9. Bg5 h6 10. Bxf6 Nxf6 11. Nbd2 b6 12. e4 Be7 13. e5 Nd7 14. cxd5
cxd5 15. Rfc1 Bb7 16. Qc7 Ba6 17. a4 Bb4 18. Qxd8 Rfxd8 19. Rc7 Kf8 20. Bf1
Bxf1 21. Nxf1 Ke8 22. Rac1 Rdb8 23. Ne1 b5 24. axb5 Ba5 25. R7c2 Rxb5 26.
Nd2 Nb6 27. Nd3 Bxd2 28. Rxd2 Nc4 29. Rdc2 a5 30. Kf1 Rab8 31. Ra1 f6 32.
Re2 Kf7 33. exf6 gxf6 34. Rae1 R8b6 35. Nf4 e5 36. dxe5 fxe5 37. b3 exf4
38. bxc4 dxc4 39. Re7+ Kg6 40. Rc7 Rb4 41. Kg2 a4 42. Ree7 Ra6 43. g4 a3
44. Rg7+ Kf6 45. Rce7 a2 46. Rgf7+ Kg5 47. Rf5+ Kxg4 48. Ree5 Rb3 0-1

[Event "FIDE GP"]
[Site "Astrakhan RUS"]
[Date "2010.05.19"]
[Round "9"]
[White "Ponomariov,R"]
[Black "Akopian,Vl"]
[Result "1/2-1/2"]
[WhiteElo "2733"]
[BlackElo "2694"]
[EventDate "2010.05.10"]

1. d4 d5 2. c4 c6 3. Nf3 Nf6 4. Qb3 dxc4 5. Qxc4 Bf5 6. g3 e6 7. Bg2 Nbd7
8. O-O Nb6 9. Qb3 Qd5 10. Nbd2 Be7 11. e3 Qxb3 12. Nxb3 Be4 13. Na5 Rb8 14.
Bd2 O-O 15. Rfc1 Rfc8 16. Ne5 Bxg2 17. Kxg2 Kf8 18. Nd3 Ne4 19. Be1 Nd5 20.
Kf3 f5 21. Ke2 g5 22. f3 Nef6 23. g4 Bd6 24. h4 h6 25. Nc4 Bc7 26. Nce5 Ke7
27. hxg5 hxg5 28. gxf5 exf5 29. Bg3 Rg8 30. Rh1 Rbe8 31. Rag1 Kd8 32. Nf7+
Kc8 33. Be5 g4 34. Nh6 gxf3+ 35. Kxf3 Rgf8 36. Nxf5 Nd7 37. e4 Bxe5 38.
Nxe5 Nxe5+ 39. dxe5 Rxe5 40. Rh7 Rxe4 41. Kxe4 Nf6+ 42. Ke5 Nxh7 43. Nd6+
Kb8 44. Rg7 Nf6 45. Nxb7 Nh5 46. Rd7 Nf6 47. Nc5 Nd5 48. a4 Nb6 49. Rh7 Rd8
50. b4 Nc4+ 51. Ke6 Rd6+ 52. Ke7 Rd5 53. Ke8 Nd6+ 54. Kf8 Ka8 55. Na6 Re5
56. Rd7 Nc4 57. a5 Nxa5 58. bxa5 Rxa5 59. Nb4 Rf5+ 60. Ke7 Rb5 61. Na6 Rb7
62. Nc7+ Kb8 63. Kd6 Rb1 64. Rh7 Kb7 65. Nd5+ Ka6 66. Kxc6 Rc1+ 67. Kd6 Rd1
68. Rh4 Kb5 69. Rb4+ Ka5 70. Rb2 Ka4 71. Kc5 Ka3 72. Rb7 Rc1+ 73. Kd4 a5
74. Ne3 a4 75. Nc4+ Ka2 76. Rb2+ Ka1 77. Re2 Rh1 78. Kc3 Kb1 79. Rb2+ Ka1
80. Rb4 a3 81. Ne3 Ka2 82. Rg4 Rb1 83. Rg2+ Rb2 84. Nc2 Rb3+ 85. Kc4 Rh3
86. Nb4+ Kb1 87. Na2 Rh8 88. Rd2 Rb8 89. Nb4 Kc1 90. Rd3 Rxb4+ 91. Kxb4 a2
92. Rc3+ Kb2 93. Rh3 a1=Q 94. Rh2+ Kb1 95. Rh1+ Kb2 96. Rxa1 Kxa1 1/2-1/2

[Event "FIDE GP"]
[Site "Astrakhan RUS"]
[Date "2010.05.19"]
[Round "9"]
[White "Alekseev,Evgeny"]
[Black "Gashimov,V"]
[Result "1/2-1/2"]
[WhiteElo "2700"]
[BlackElo "2734"]
[EventDate "2010.05.10"]

1. e4 c5 2. Nf3 d6 3. d4 cxd4 4. Qxd4 Bd7 5. Be2 Nc6 6. Qe3 g6 7. O-O Bg7
8. c4 Bg4 9. Rd1 Qc8 10. Nc3 Bxf3 11. Bxf3 Ne5 12. b3 b5 13. Bb2 bxc4 14.
Be2 Nf6 15. Na4 Qe6 16. Rac1 O-O 17. Bxc4 Nxc4 18. Rxc4 Ng4 19. Qe2 Bxb2
20. Nxb2 Rac8 21. h3 Ne5 22. Rcc1 Qf6 23. Qd2 g5 24. Nd3 Nxd3 25. Qxd3 h6
26. Qe3 a5 27. Qe2 Qe5 28. Rc2 e6 29. Rdc1 Rxc2 30. Qxc2 Kg7 31. Rd1 Rb8
32. Qc7 Rb4 33. Qxd6 Qxd6 34. Rxd6 a4 35. f3 axb3 36. axb3 Rxb3 37. Kh2
1/2-1/2

[Event "FIDE GP"]
[Site "Astrakhan RUS"]
[Date "2010.05.22"]
[Round "11"]
[White "Ivanchuk,V"]
[Black "Eljanov,P"]
[Result "1/2-1/2"]
[WhiteElo "2741"]
[BlackElo "2751"]
[EventDate "2010.05.10"]

1. d4 Nf6 2. c4 e6 3. g3 d5 4. Bg2 Bb4+ 5. Nd2 O-O 6. Ngf3 b6 7. O-O Bb7 8.
Ne5 h6 9. Qc2 Be7 10. cxd5 exd5 11. b3 c5 12. Bb2 Na6 13. Rac1 Qc8 14. Rfd1
Qe6 15. Nd3 Nb4 16. Qb1 Nxd3 17. exd3 Rfe8 18. Nc4 dxc4 19. Bxb7 Rab8 20.
d5 Nxd5 21. Bxd5 Qxd5 22. dxc4 Qc6 23. Qf5 Rbd8 24. h4 Qg6 25. Qxg6 1/2-1/2

[Event "FIDE GP"]
[Site "Astrakhan RUS"]
[Date "2010.05.23"]
[Round "12"]
[White "Svidler,P"]
[Black "Gelfand,B"]
[Result "1-0"]
[WhiteElo "2735"]
[BlackElo "2741"]
[EventDate "2010.05.10"]

1. e4 e5 2. Nf3 Nf6 3. Nc3 Nc6 4. Bb5 Nd4 5. Bc4 d6 6. Nxd4 exd4 7. Nd5 Nd7
8. O-O g6 9. a3 Bg7 10. d3 O-O 11. Ba2 Nc5 12. Nf4 Kh8 13. Bd2 c6 14. Kh1
a5 15. f3 a4 16. Bb4 Na6 17. Be1 Nc7 18. Bf2 Bd7 19. Qd2 Qg5 20. h4 Qa5 21.
Qc1 f5 22. Bxd4 Bxd4 23. Nxg6+ Kg7 24. Nxf8 Kxf8 25. Qh6+ Ke7 26. c3 Bf6
27. Rfe1 f4 28. d4 Ne6 29. e5 dxe5 30. Qxh7+ Kd8 31. Qf7 1-0

[Event "FIDE GP"]
[Site "Astrakhan RUS"]
[Date "2010.05.23"]
[Round "12"]
[White "Alekseev,Evgeny"]
[Black "Inarkiev,E"]
[Result "1-0"]
[WhiteElo "2700"]
[BlackElo "2669"]
[EventDate "2010.05.10"]

1. d4 d5 2. Nf3 Nf6 3. c4 c6 4. Qb3 dxc4 5. Qxc4 Bf5 6. g3 e6 7. Bg2 Be7 8.
O-O Nbd7 9. e3 O-O 10. Rd1 Ne4 11. Qe2 Qc7 12. Ne1 e5 13. Nd3 Rad8 14. g4
Bg6 15. f4 exf4 16. exf4 Ndf6 17. f5 Rxd4 18. Be3 Nxg4 19. Qxg4 Nf2 20.
Qxd4 Nxd1 21. fxg6 Bf6 22. Qe4 Rd8 23. Na3 Nxe3 24. Re1 Bd4 25. Rxe3 hxg6
26. Nc2 Bb6 27. Kh1 Bxe3 28. Qxe3 Qd7 29. Nce1 b6 30. b3 Re8 31. Qf2 c5 32.
Bf3 Qd6 33. Kg2 Qe6 34. Qd2 c4 35. bxc4 Qxc4 36. Nf2 Qe6 37. Ned3 Rd8 38.
Qc2 Qe3 39. Qc4 Rd6 40. Qc8+ Kh7 41. Qc7 Qg5+ 42. Kf1 Qf6 43. Be4 a6 44.
Qc2 Qh4 45. Kg1 Qg5+ 46. Kh1 b5 47. Qe2 Qf6 48. Ne5 Re6 49. Nf3 Kg8 50. Kg2
Qf4 51. Qc2 Qd6 52. h4 Kf8 53. Ng5 Re7 54. Qc8+ Re8 55. Qb7 Re7 56. Qa8+
Re8 57. Nh7+ Ke7 58. Qa7+ Qd7 59. Qxa6 Rh8 60. Qa3+ Kd8 61. Qa8+ Qc8 62.
Qd5+ Qd7 63. Ng5 Qxd5 64. Bxd5 Rxh4 65. Nxf7+ Kc7 66. Bb3 Kb6 67. Kg3 Rd4
68. Ne5 g5 69. Kf3 Rh4 70. Ke3 Ka5 71. Nc6+ Kb6 72. Ne7 Kc5 73. Nd5 Kc6 74.
Ne4 Rh3+ 75. Kd4 g4 76. Nf4 Rf3 77. Nd3 Kb6 78. Ne5 Rf4 79. Ke3 g5 80. Bd1
Ka5 81. Bxg4 Rxg4 82. Nxg4 Kb4 83. Ne5 g4 84. Nd3+ Ka3 85. Nc3 g3 86. Kf3
b4 87. Nxb4 Kxb4 88. Nb1 1-0